00691 2200277 4500001002100000005001700021008004100038035002400079082000800103090001500111100001200126245004900138250001100187260002700198300002900225500002600254500002600280650001400306850001500320980001300335985000600348986001400354999001500368999001500383999001500398YOGYA-0209000001045220090227022036.0 ind  0010-020900000010452 a310 a310bArg A aARGA, W aAnalisa Runtun Waktu Teori &AplikasicW.Arga aCet. 1 aYogyakartabBPFEc1985 avi, 169 hlmbilusc21 cm aYang diterima : Jil.1 aBibliografi : hlm.157 aStatistik aYOPDYOG(B) a14-07-05 a3 aMARrthrev a93P0042540 a94B0020467 a94B0020468